Datum a čas kvízu
29.5
Celkem bodů
Celkový počet nahraných bodů na tomto kvízu bez doplňovacích otázek.
6.
Pořadí na kvízu
Konečné umístění týmu na tomto kvízu.
Zaznamenané odpovědi
| # | Otázka | Odpověď | Body | Výsledky |
|---|---|---|---|---|
| 1. | Která sedmipodlažní budova obc... | Kotva | 1 | |
| 2. | K bezprecedentnímu kroku se od... | už nenabízí alkohol | 0 | |
| 3. | Cenu Czech Press Photo za rok... | D) v budově soudu | 1 | |
| 4. | Minulý týden byl spuštěn elekt... | DiPSy | 1 | |
| 5. | Trenér Jaroslav Šilhavý po ned... | Omán | 1 | |
| 6. | Ve třetím díle cestovatelského... | z Janských Lázní | 0 | |
| 7. | Stále větší oblibě cestovatelů... | portugalština | 1 | |
| 8. | Kdepak Paříž. Ve kterém městě... | v Las Vegas | 0 | |
| 9. | S písmenem M se vracíme do Čes... | v Moravském Krumlově | 1 | |
| 10. | Ve kterém století byl vybudová... | v 19. století | 1 |